000 00286nam a2200109Ia 4500
008 220204s9999 xx 000 0 und d
082 _a631.83
_bKAL
245 0 _aKali in bild(Potassium in picture)
260 _aHannover
_bLandwirtschaftliche
650 _aPotash deficiency
942 _cBK
999 _c20643
_d20643